[Event "HUN-chT2 Barcza 1718"]
[Site "Hungary"]
[Date "2018.03.25"]
[Round "10.5"]
[White "Duzs, Jozsef"]
[Black "Menyhart, Tibor"]
[Result "0-1"]
[WhiteElo "1972"]
[BlackElo "2079"]
[PlyCount "76"]
[EventDate "2017.09.24"]
[EventType "team-tourn"]
[EventRounds "11"]
[EventCountry "HUN"]
[SourceTitle "EXT 2021"]
[Source "ChessBase"]
[SourceDate "2020.10.23"]
[SourceVersion "1"]
[SourceVersionDate "2020.10.23"]
[SourceQuality "1"]
[WhiteTeam "Edeleny"]
[BlackTeam "Debrecen Sakkiskola II"]
[WhiteTeamCountry "HUN"]
[BlackTeamCountry "HUN"]

1. d4 Nf6 2. Nf3 d5 3. Bf4 g6 4. Nbd2 Bg7 5. h3 0-0 6. e3 c5 7. c3 Qb6 8. Qb3 Nc6 9. Be2 c4 10. Qxb6 axb6 11. 0-0 Bf5 12. g4 Be4 13. Ne5 Nxe5 14. Bxe5 Bc2 15. Rfc1 Ba4 16. Bd1 Bxd1 17. Rxd1 b5 18. Re1 Ne4 19. Bxg7 Kxg7 20. Nf1 f5 21. f3 Ng5 22. Kg2 fxg4 23. fxg4 Nf3 24. Re2 e5 25. Nd2 e4 26. Rf2 Nxd2 27. Rxd2 Rf3 28. Re2 g5 29. a3 Raf8 30. Rh1 R8f6 31. Ra1 Rh6 32. Rh1 Rh4 33. Rh2 h5 34. gxh5 Rxh5 35. Re1 Rh4 36. Re2 g4 37. hxg4 Rxg4+ 38. Kh1 Rf1# 0-1

[Event "HUN-chT2 Barcza 1516"]
[Site "Hungary"]
[Date "2016.04.17"]
[Round "11.7"]
[White "Menyhart, Tibor"]
[Black "Kantor, Jozsef"]
[Result "1/2-1/2"]
[WhiteElo "2108"]
[BlackElo "1932"]
[PlyCount "62"]
[EventDate "2015.09.13"]
[EventType "team-tourn"]
[EventRounds "11"]
[EventCountry "HUN"]
[SourceTitle "EXT 2017"]
[Source "ChessBase"]
[SourceDate "2016.10.25"]
[SourceVersion "1"]
[SourceVersionDate "2016.10.25"]
[SourceQuality "1"]
[WhiteTeam "Kwizda Sakkiskola"]
[BlackTeam "Mezokovesd"]
[WhiteTeamCountry "HUN"]
[BlackTeamCountry "HUN"]

1. d4 d5 2. c4 e6 3. Nc3 Nf6 4. Bg5 Be7 5. e3 Nbd7 6. Nf3 h6 7. Bh4 b6 8. cxd5 exd5 9. Ne5 Bb7 10. Qa4 0-0 11. Nc6 Bxc6 12. Qxc6 a6 13. Be2 Ra7 14. 0-0 Qa8 15. Qa4 b5 16. Qc2 c5 17. Bf3 cxd4 18. exd4 Nb6 19. Rfe1 Qd8 20. a4 b4 21. a5 bxc3 22. axb6 Qxb6 23. bxc3 a5 24. h3 Rc8 25. Bxf6 Bxf6 26. Bxd5 Rac7 27. Qa4 Rxc3 28. Re8+ Kh7 29. Bxf7 Rc1+ 30. Re1 Rxa1 31. Rxa1 Qxd4 1/2-1/2

[Event "HUN-chT2 Barcza 1516"]
[Site "Hungary"]
[Date "2016.04.03"]
[Round "10.7"]
[White "Vodila, Martin Botond"]
[Black "Menyhart, Tibor"]
[Result "1-0"]
[WhiteElo "1985"]
[BlackElo "2108"]
[PlyCount "81"]
[EventDate "2015.09.13"]
[EventType "team-tourn"]
[EventRounds "11"]
[EventCountry "HUN"]
[SourceTitle "EXT 2017"]
[Source "ChessBase"]
[SourceDate "2016.10.25"]
[SourceVersion "1"]
[SourceVersionDate "2016.10.25"]
[SourceQuality "1"]
[WhiteTeam "Edeleny"]
[BlackTeam "Kwizda Sakkiskola"]
[WhiteTeamCountry "HUN"]
[BlackTeamCountry "HUN"]

1. e4 c5 2. Nf3 e6 3. d4 cxd4 4. Nxd4 Bc5 5. Nb3 Bb6 6. Nc3 Qf6 7. f4 Nc6 8. Nb5 Nge7 9. Nd6+ Kf8 10. Bc4 Ng6 11. g3 h5 12. h4 Nge5 13. Be2 Qg6 14. Rh3 Ng4 15. Bxg4 hxg4 16. Rh2 a5 17. a4 Bc7 18. Re2 e5 19. Nxc8 Rxc8 20. Qxd7 Ne7 21. f5 Qb6 22. Be3 Qb4+ 23. c3 Qxb3 24. Bc5 Kg8 25. Bxe7 Kh7 26. f6 Qb6 27. Kf1 g6 28. Qxg4 Qe6 29. Qxe6 fxe6 30. f7 Kg7 31. f8Q+ Rhxf8+ 32. Bxf8+ Rxf8+ 33. Rf2 Rd8 34. Ke2 Bb6 35. Rf3 Rc8 36. Rd1 Rc4 37. Rd7+ Kh6 38. Kd3 Rxa4 39. g4 Ra2 40. Rff7 g5 41. Rf6# 1-0

[Event "HUN-chT2 Barcza 1516"]
[Site "Hungary"]
[Date "2015.12.06"]
[Round "6.8"]
[White "Menyhart, Tibor"]
[Black "Palagyi, Csaba"]
[Result "1-0"]
[WhiteElo "2089"]
[BlackElo "1921"]
[PlyCount "73"]
[EventDate "2015.09.13"]
[EventType "team-tourn"]
[EventRounds "11"]
[EventCountry "HUN"]
[SourceTitle "CBM 170 Extra"]
[Source "ChessBase"]
[SourceDate "2016.02.25"]
[SourceVersion "1"]
[SourceVersionDate "2016.02.25"]
[SourceQuality "1"]
[WhiteTeam "Kwizda Sakkiskola"]
[BlackTeam "Tiszavasvar"]
[WhiteTeamCountry "HUN"]
[BlackTeamCountry "HUN"]

1. d4 Nf6 2. c4 e5 3. dxe5 Ng4 4. Bf4 Nc6 5. Nf3 Bc5 6. e3 f6 7. Nc3 Bb4 8. Qb3 Qe7 9. exf6 Nxf6 10. Bd3 d6 11. 0-0 Bxc3 12. Qxc3 0-0 13. b4 Bg4 14. Nd4 Ne5 15. Nf5 Bxf5 16. Bxf5 Nh5 17. Bxe5 Rxf5 18. Bg3 Nxg3 19. hxg3 Re8 20. Qd4 b6 21. Rad1 a5 22. a3 Re5 23. Rfe1 Qe6 24. Qc3 axb4 25. axb4 Qg6 26. Rd4 Qe6 27. Red1 Rf8 28. Rf4 Rxf4 29. gxf4 Re4 30. Rd5 c6 31. Rg5 g6 32. c5 Rc4 33. Qa3 dxc5 34. f5 Qe7 35. f4 Rxb4 36. fxg6 h6 37. Re5 1-0

[Event "HUN-chT2 Barcza 1516"]
[Site "Hungary"]
[Date "2015.11.08"]
[Round "4.8"]
[White "Menyhart, Tibor"]
[Black "Sos, Barnabas"]
[Result "1-0"]
[WhiteElo "2089"]
[BlackElo "1937"]
[PlyCount "51"]
[EventDate "2015.09.13"]
[EventType "team-tourn"]
[EventRounds "11"]
[EventCountry "HUN"]
[SourceTitle "CBM 170 Extra"]
[Source "ChessBase"]
[SourceDate "2016.02.25"]
[SourceVersion "1"]
[SourceVersionDate "2016.02.25"]
[SourceQuality "1"]
[WhiteTeam "Kwizda Sakkiskola"]
[BlackTeam "Debrecen Sakkbaratok"]
[WhiteTeamCountry "HUN"]
[BlackTeamCountry "HUN"]

1. e4 c5 2. d4 cxd4 3. c3 dxc3 4. Nxc3 Nc6 5. Nf3 g6 6. Bc4 Nf6 7. e5 Ng4 8. Qd5 e6 9. Qe4 f5 10. exf6 Nxf6 11. Qh4 Be7 12. Bh6 Qb6 13. 0-0 d5 14. Bd3 Bd7 15. Be3 Qa5 16. Bxg6+ Kd8 17. Bg5 Kc7 18. Bxf6 Bxf6 19. Qf4+ e5 20. Qxf6 hxg6 21. Nxe5 d4 22. Nxc6 bxc6 23. Qxd4 Qg5 24. Rad1 Rh7 25. Qd6+ Kb7 26. Ne4 1-0

[Event "HUN-chT2 Barcza 1415"]
[Site "Hungary"]
[Date "2015.03.22"]
[Round "?"]
[White "Racz, Zoltan"]
[Black "Menyhart, Tibor"]
[Result "1-0"]
[WhiteElo "2223"]
[BlackElo "2112"]
[PlyCount "77"]
[EventDate "2014.09.07"]
[EventType "team-tourn"]
[EventRounds "11"]
[EventCountry "HUN"]
[SourceTitle "EXT 2016"]
[Source "ChessBase"]
[SourceDate "2015.10.08"]
[SourceVersion "1"]
[SourceVersionDate "2015.10.08"]
[SourceQuality "1"]
[WhiteTeam "Nyiregyhaza"]
[BlackTeam "Debrecen Sakkiskola"]
[WhiteTeamCountry "HUN"]
[BlackTeamCountry "HUN"]

1. e4 c5 2. Nf3 e6 3. g3 Nc6 4. Bg2 d6 5. 0-0 g6 6. d4 Bg7 7. c3 cxd4 8. cxd4 e5 9. Bg5 Nge7 10. dxe5 dxe5 11. Qxd8+ Nxd8 12. Nc3 f6 13. Be3 0-0 14. Nd5 Nec6 15. b4 Bg4 16. b5 Bxf3 17. Bxf3 Nd4 18. Bxd4 exd4 19. Rad1 Ne6 20. Bg4 Nc5 21. Rfe1 Rae8 22. Bf3 d3 23. Bg2 f5 24. exf5 gxf5 25. Rxe8 Rxe8 26. Bf1 d2 27. Rxd2 Re1 28. Kg2 Ne4 29. Rd3 Kf8 30. Ne3 f4 31. gxf4 Ra1 32. Nf5 Bf6 33. Ra3 Nc3 34. Bc4 Nb1 35. Rxa7 Ke8 36. Rxb7 Nd2 37. Nd6+ Kd8 38. Be6 Re1 39. Rd7# 1-0

[Event "HUN-chT2 Barcza 1415"]
[Site "Hungary"]
[Date "2015.02.08"]
[Round "8"]
[White "Toth, Gabor"]
[Black "Menyhart, Tibor"]
[Result "1/2-1/2"]
[WhiteElo "2193"]
[BlackElo "2112"]
[PlyCount "51"]
[EventDate "2014.09.07"]
[EventType "team-tourn"]
[EventRounds "11"]
[EventCountry "HUN"]
[SourceTitle "EXT 2016"]
[Source "ChessBase"]
[SourceDate "2015.10.08"]
[SourceVersion "1"]
[SourceVersionDate "2015.10.08"]
[SourceQuality "1"]
[WhiteTeam "Hajduszoboszlo"]
[BlackTeam "Debrecen Sakkiskola"]
[WhiteTeamCountry "HUN"]
[BlackTeamCountry "HUN"]

1. e4 e6 2. d3 c5 3. g3 b6 4. Bg2 Bb7 5. Nd2 d6 6. Ne2 Be7 7. 0-0 Nc6 8. c3 Nf6 9. f4 0-0 10. h3 d5 11. e5 Nd7 12. Nf3 f5 13. exf6 Bxf6 14. d4 cxd4 15. cxd4 Ba6 16. Rf2 Rc8 17. Nc3 b5 18. a3 Qb6 19. Be3 b4 20. axb4 Bc4 21. Qa4 a6 22. Bd2 Qxb4 23. Qxb4 Nxb4 24. h4 g6 25. Bh3 Rfe8 26. Ra4 1/2-1/2

[Event "HUN-chT2 Barcza 1415"]
[Site "Hungary"]
[Date "2014.11.16"]
[Round "?"]
[White "Nayhebaver, Martin"]
[Black "Menyhart, Tibor"]
[Result "1-0"]
[WhiteElo "2301"]
[BlackElo "2112"]
[PlyCount "65"]
[EventDate "2014.09.07"]
[EventType "team-tourn"]
[EventRounds "11"]
[EventCountry "HUN"]
[SourceTitle "EXT 2016"]
[Source "ChessBase"]
[SourceDate "2015.10.08"]
[SourceVersion "1"]
[SourceVersionDate "2015.10.08"]
[SourceQuality "1"]
[WhiteTeam "Miskolc Sakkiskola"]
[BlackTeam "Debrecen Sakkiskola"]
[WhiteTeamCountry "HUN"]
[BlackTeamCountry "HUN"]

1. e4 e5 2. Nf3 Nc6 3. Bb5 a6 4. Ba4 Nf6 5. 0-0 Be7 6. Re1 b5 7. Bb3 0-0 8. h3 d5 9. exd5 Nxd5 10. Nxe5 Nxe5 11. Rxe5 c6 12. d3 Bd6 13. Re1 Qh4 14. Qf3 Be6 15. Nc3 Nb4 16. Ne4 Be7 17. Bxe6 fxe6 18. Qe2 c5 19. Be3 c4 20. Kh2 cxd3 21. cxd3 g5 22. g3 Qh6 23. h4 Rad8 24. Rad1 Rd5 25. Kg2 Qg6 26. Bxg5 Bxg5 27. hxg5 Kg7 28. Rh1 Rxg5 29. Nxg5 Qxg5 30. Rh4 Qd5+ 31. Qe4 Rf5 32. Qxd5 Nxd5 33. Rg4+ 1-0

[Event "HUN-chT2 Barcza 1415"]
[Site "Hungary"]
[Date "2014.09.21"]
[Round "2.4"]
[White "Kanyadi, Zoltan"]
[Black "Menyhart, Tibor"]
[Result "0-1"]
[WhiteElo "2158"]
[BlackElo "2112"]
[PlyCount "108"]
[EventDate "2014.09.07"]
[EventType "team-tourn"]
[EventRounds "11"]
[EventCountry "HUN"]
[SourceTitle "EXT 2016"]
[Source "ChessBase"]
[SourceDate "2015.10.08"]
[SourceVersion "1"]
[SourceVersionDate "2015.10.08"]
[SourceQuality "1"]
[WhiteTeam "Debrecen Sakkbaratok"]
[BlackTeam "Debrecen Sakkiskola"]
[WhiteTeamCountry "HUN"]
[BlackTeamCountry "HUN"]

1. e4 c5 2. Nf3 e6 3. d4 cxd4 4. Nxd4 Nf6 5. Nc3 d6 6. Bc4 Be7 7. 0-0 0-0 8. Bb3 Nc6 9. Be3 Bd7 10. f4 Nxd4 11. Bxd4 Bc6 12. Qf3 b5 13. a3 a5 14. Rae1 b4 15. axb4 axb4 16. Nd1 Bb5 17. Rf2 Ra1 18. Rd2 Qa8 19. e5 Qxf3 20. gxf3 Nh5 21. Bf2 d5 22. Be3 Bh4 23. Bf2 Be7 24. Bg3 Rfa8 25. f5 Rb1 26. fxe6 fxe6 27. Rxd5 Bc6 28. Rd3 Kf7 29. Ne3 Rxe1+ 30. Bxe1 Nf4 31. Rd1 Bc5 32. Bf2 Bxf3 33. Rb1 Bd4 34. Nd1 Bxe5 35. Bc5 Rd8 36. Ne3 Nh3+ 37. Kf1 Rd2 38. Nc4 Rd5 39. Nxe5+ Rxe5 40. Bxb4 Re2 41. Ra1 Rxh2 42. Ra7+ Kg6 43. Ke1 Nf4 44. Bd6 Re2+ 45. Kf1 e5 46. Bf8 h5 47. Rxg7+ Kf5 48. Bg8 Bg2+ 49. Kg1 Ke4 50. Bh7+ Kf3 51. Bb4 e4 52. Re7 Nh3+ 53. Kh2 Ng5 54. Bg6 Kg4 0-1

[Event "HUN-chT2 Barcza 1011"]
[Site "Hungary"]
[Date "2010.11.21"]
[Round "6.2"]
[White "Menyhart, Tibor"]
[Black "Bakk, Zoltan"]
[Result "1-0"]
[WhiteElo "2110"]
[BlackElo "2103"]
[PlyCount "65"]
[EventDate "2010.09.12"]
[EventType "team-tourn"]
[EventRounds "11"]
[EventCountry "HUN"]
[SourceTitle "EXT 2012"]
[Source "ChessBase"]
[SourceDate "2011.11.24"]
[SourceVersion "1"]
[SourceVersionDate "2011.11.24"]
[SourceQuality "1"]
[WhiteTeam "Debrecen Betu"]
[BlackTeam "Piremon"]
[WhiteTeamCountry "HUN"]
[BlackTeamCountry "HUN"]

1. d4 d5 2. c4 c6 3. cxd5 cxd5 4. Nc3 Nf6 5. Nf3 Nc6 6. Qb3 e6 7. Bg5 Be7 8. e3 h6 9. Bh4 g5 10. Bg3 Nh5 11. Be2 Nxg3 12. hxg3 f5 13. 0-0-0 g4 14. Nd2 Qc7 15. Rh5 Bg5 16. Nb5 Qe7 17. Rdh1 Rg8 18. a3 a6 19. Nc3 b5 20. Nd1 Bd7 21. f4 gxf3 22. Nxf3 Bf6 23. Rxh6 Rc8 24. Kb1 Kf7 25. g4 fxg4 26. Nh2 Bg5 27. Rh7+ Rg7 28. Nxg4 Rcg8 29. Nh6+ Bxh6 30. Bh5+ Kf6 31. Rxh6+ Kg5 32. Be2 Be8 33. e4 1-0

[Event "HUN-chT2 Barcza 1011"]
[Site "Hungary"]
[Date "2010.10.10"]
[Round "3.3"]
[White "Herczeg, Tibor"]
[Black "Menyhart, Tibor"]
[Result "1/2-1/2"]
[WhiteElo "2150"]
[BlackElo "2110"]
[PlyCount "55"]
[EventDate "2010.09.12"]
[EventType "team-tourn"]
[EventRounds "11"]
[EventCountry "HUN"]
[SourceTitle "EXT 2012"]
[Source "ChessBase"]
[SourceDate "2011.11.24"]
[SourceVersion "1"]
[SourceVersionDate "2011.11.24"]
[SourceQuality "1"]
[WhiteTeam "Sajoszentpeter"]
[BlackTeam "Debrecen Betu"]
[WhiteTeamCountry "HUN"]
[BlackTeamCountry "HUN"]

1. e4 e6 2. d4 d5 3. exd5 exd5 4. Bd3 Nf6 5. Nf3 Bg4 6. 0-0 Be7 7. Bg5 Nbd7 8. Re1 0-0 9. Nbd2 c6 10. c3 Re8 11. Qc2 h6 12. Bh4 Qc7 13. Bg3 Bd6 14. Bf5 Bxg3 15. hxg3 Bxf5 16. Qxf5 Qb6 17. Ne5 Qxb2 18. Nxd7 Rxe1+ 19. Rxe1 Nxd7 20. Qxd7 Qxd2 21. Re8+ Rxe8 22. Qxe8+ Kh7 23. Qxf7 Qxc3 24. Qf5+ Kg8 25. Qc8+ Kh7 26. Qf5+ Kg8 27. Qc8+ Kh7 28. Qf5+ 1/2-1/2

[Event "HUN-chT2 Barcza 0910"]
[Site "Hungary"]
[Date "2010.03.21"]
[Round "8.3"]
[White "Menyhart, Tibor"]
[Black "Gunyecz, Zoltan"]
[Result "1/2-1/2"]
[WhiteElo "2123"]
[BlackElo "1995"]
[PlyCount "71"]
[EventDate "2009.11.08"]
[EventType "team-tourn"]
[EventRounds "11"]
[EventCountry "HUN"]
[SourceTitle "EXT 2011"]
[Source "ChessBase"]
[SourceDate "2010.11.26"]
[SourceVersion "1"]
[SourceVersionDate "2010.11.26"]
[SourceQuality "1"]
[WhiteTeam "Debrecen Betu"]
[BlackTeam "Nyiregyhaza"]
[WhiteTeamCountry "HUN"]
[BlackTeamCountry "HUN"]

1. d4 Nf6 2. c4 g6 3. Nc3 d5 4. cxd5 Nxd5 5. e4 Nxc3 6. bxc3 Bg7 7. Nf3 0-0 8. Be3 c5 9. Qd2 Qa5 10. Rc1 cxd4 11. cxd4 Qxd2+ 12. Nxd2 Nc6 13. Nb3 Rd8 14. d5 Nb4 15. Bd2 Na6 16. Bc4 Bb2 17. Rb1 Ba3 18. 0-0 Nc5 19. Nxc5 Bxc5 20. Rfc1 b6 21. Kf1 Bb7 22. Ke2 Rac8 23. Bd3 Ba3 24. Rc3 Rxc3 25. Bxc3 Rc8 26. Rb3 Bc5 27. f3 Kf8 28. g4 Rc7 29. h4 h6 30. Bd2 Kg7 31. Bc3+ Kf8 32. h5 g5 33. Kd2 Bd6 34. Ke2 f6 35. Bb2 Bc8 36. Rc3 1/2-1/2

[Event "HUN-chT2 Barcza 0910"]
[Site "Hungary"]
[Date "2009.12.20"]
[Round "4.2"]
[White "Petro, Janos"]
[Black "Menyhart, Tibor"]
[Result "1/2-1/2"]
[WhiteElo "2116"]
[BlackElo "2123"]
[PlyCount "51"]
[EventDate "2009.11.08"]
[EventType "team-tourn"]
[EventRounds "11"]
[EventCountry "HUN"]
[SourceTitle "EXT 2011"]
[Source "ChessBase"]
[SourceDate "2010.11.26"]
[SourceVersion "1"]
[SourceVersionDate "2010.11.26"]
[SourceQuality "1"]
[WhiteTeam "Edeleny"]
[BlackTeam "Debrecen Betu"]
[WhiteTeamCountry "HUN"]
[BlackTeamCountry "HUN"]

1. e4 e5 2. Nc3 Nc6 3. f4 exf4 4. Nf3 Nf6 5. d4 d5 6. exd5 Nxd5 7. Bb5 Bb4 8. 0-0 Bxc3 9. bxc3 0-0 10. Bxc6 bxc6 11. c4 Ne3 12. Bxe3 fxe3 13. Qd3 Ba6 14. Ne5 c5 15. d5 Qh4 16. Qxe3 f6 17. Rf4 Qh6 18. Ng4 Qg5 19. h4 Qh5 20. Qe6+ Kh8 21. Qxa6 g5 22. Nxf6 Qg6 23. hxg5 Qxg5 24. Raf1 Qg6 25. Qe6 Rab8 26. Qe5 1/2-1/2

[Event "HUN-chT2 Barcza 0809"]
[Site "Hungary"]
[Date "2009.03.08"]
[Round "9.1"]
[White "Menyhart, Tibor"]
[Black "Dobai, Szabolcs"]
[Result "1-0"]
[WhiteElo "2192"]
[BlackElo "2148"]
[PlyCount "31"]
[EventDate "2008.10.26"]
[EventType "team-tourn"]
[EventRounds "11"]
[EventCountry "HUN"]
[SourceTitle "EXT 2010"]
[Source "ChessBase"]
[SourceDate "2010.11.25"]
[SourceVersion "1"]
[SourceVersionDate "2010.11.25"]
[SourceQuality "1"]
[WhiteTeam "Debrecen Betu"]
[BlackTeam "Miskolc EMSE II"]
[WhiteTeamCountry "HUN"]
[BlackTeamCountry "HUN"]

1. e4 d6 2. d4 Nf6 3. Nc3 g6 4. f4 Bg7 5. Nf3 0-0 6. Bd3 c6 7. 0-0 b5 8. e5 Ne8 9. a4 b4 10. Ne4 Bg4 11. Qe1 Qb6 12. a5 Qb7 13. Qh4 Bxf3 14. Rxf3 f6 15. Rh3 Kf7 16. Qxh7 1-0

[Event "HUN-chT2 Barcza 0809"]
[Site "Hungary"]
[Date "2009.02.22"]
[Round "8.1"]
[White "Ligart, Tamas"]
[Black "Menyhart, Tibor"]
[Result "1-0"]
[WhiteElo "2247"]
[BlackElo "2192"]
[PlyCount "141"]
[EventDate "2008.10.26"]
[EventType "team-tourn"]
[EventRounds "11"]
[EventCountry "HUN"]
[SourceTitle "EXT 2010"]
[Source "ChessBase"]
[SourceDate "2010.11.25"]
[SourceVersion "1"]
[SourceVersionDate "2010.11.25"]
[SourceQuality "1"]
[WhiteTeam "Edeleny"]
[BlackTeam "Debrecen Betu"]
[WhiteTeamCountry "HUN"]
[BlackTeamCountry "HUN"]

1. e4 e6 2. d4 d5 3. Nd2 dxe4 4. Nxe4 Bd7 5. Nf3 Bc6 6. Bd3 Nd7 7. c4 Ngf6 8. Nc3 Bxf3 9. Qxf3 c5 10. d5 Ne5 11. Qe2 Nxd3+ 12. Qxd3 Be7 13. 0-0 0-0 14. Re1 exd5 15. cxd5 Re8 16. Qf3 b5 17. Nxb5 Nxd5 18. Bd2 a6 19. Nc3 Nb4 20. Red1 Nc2 21. Rac1 Nd4 22. Qd3 Qb6 23. b3 Rad8 24. Qc4 Qg6 25. Be3 Nf3+ 26. Kh1 Ne5 27. Rxd8 Rxd8 28. Qe2 h6 29. h3 Qe6 30. Na4 Nd3 31. Rc2 Qe4 32. Rd2 c4 33. Bb6 Qxe2 34. Rxe2 Rd7 35. bxc4 Nf4 36. Rc2 Rd1+ 37. Kh2 Bd6 38. g3 Ne6 39. c5 Nd4 40. Rc3 Be5 41. c6 Nb5 42. Rc2 Bc7 43. Be3 g5 44. Nc5 Na3 45. Rd2 Rxd2 46. Bxd2 Nc4 47. Nxa6 Nxd2 48. Nxc7 Nf3+ 49. Kg2 Nd4 50. a4 Nxc6 51. Kf3 f5 52. Ke3 Kf7 53. Nb5 Na5 54. f4 Ke6 55. Kd4 gxf4 56. gxf4 Nb3+ 57. Kc4 Na5+ 58. Kc5 Nb3+ 59. Kb4 Nd2 60. a5 Kd5 61. a6 Kc6 62. Nd4+ Kb6 63. Nxf5 h5 64. Ng7 h4 65. f5 Ne4 66. Nh5 Kxa6 67. f6 Ng5 68. Kc5 Kb7 69. Kd6 Kc8 70. Ke7 Nxh3 71. f7 1-0

[Event "HUN-chT2 Barcza 0809"]
[Site "Hungary"]
[Date "2009.01.25"]
[Round "6.1"]
[White "Menyhart, Tibor"]
[Black "Deak, Sandor"]
[Result "0-1"]
[WhiteElo "2192"]
[BlackElo "2311"]
[PlyCount "88"]
[EventDate "2008.10.26"]
[EventType "team-tourn"]
[EventRounds "11"]
[EventCountry "HUN"]
[SourceTitle "EXT 2010"]
[Source "ChessBase"]
[SourceDate "2010.11.25"]
[SourceVersion "1"]
[SourceVersionDate "2010.11.25"]
[SourceQuality "1"]
[WhiteTeam "Debrecen Betu"]
[BlackTeam "TEVA SE"]
[WhiteTeamCountry "HUN"]
[BlackTeamCountry "HUN"]

1. e4 c5 2. Nf3 d6 3. Bb5+ Bd7 4. Bxd7+ Qxd7 5. c4 Qg4 6. 0-0 Qxe4 7. d4 Nd7 8. Nc3 Qc6 9. dxc5 Nxc5 10. b4 Ne6 11. c5 Nf6 12. Bb2 dxc5 13. Ne5 Qa6 14. bxc5 Nxc5 15. Nd5 Qd6 16. Nxf6+ exf6 17. Nc4 Qxd1 18. Raxd1 Ne6 19. f4 Bc5+ 20. Kh1 0-0 21. f5 Nd8 22. g4 Nc6 23. Rd7 Rab8 24. h4 Rfd8 25. Rfd1 h6 26. R1d5 b6 27. Kg2 Kf8 28. Kf3 Ke8 29. Rxd8+ Rxd8 30. Rxd8+ Kxd8 31. g5 hxg5 32. hxg5 fxg5 33. Bxg7 Ke7 34. f6+ Ke6 35. Kg4 b5 36. Nd2 Ne5+ 37. Kh5 Kf5 38. Nb3 Be3 39. Na5 g4 40. Nb7 Nc4 41. Nd8 g3 42. Nxf7 g2 43. Nd6+ Nxd6 44. f7 Nxf7 0-1

[Event "HUN-chT2 Barcza 0809"]
[Site "Hungary"]
[Date "2009.01.11"]
[Round "5.1"]
[White "Zabiak, Jozsef"]
[Black "Menyhart, Tibor"]
[Result "1-0"]
[WhiteElo "2197"]
[BlackElo "2192"]
[PlyCount "55"]
[EventDate "2008.10.26"]
[EventType "team-tourn"]
[EventRounds "11"]
[EventCountry "HUN"]
[SourceTitle "EXT 2010"]
[Source "ChessBase"]
[SourceDate "2010.11.25"]
[SourceVersion "1"]
[SourceVersionDate "2010.11.25"]
[SourceQuality "1"]
[WhiteTeam "SSASSE"]
[BlackTeam "Debrecen Betu"]
[WhiteTeamCountry "HUN"]
[BlackTeamCountry "HUN"]

1. f4 Nf6 2. Nf3 g6 3. d4 c5 4. c3 b6 5. e3 Bg7 6. Bd3 Ba6 7. e4 Bxd3 8. Qxd3 d5 9. e5 Ne4 10. Ng5 Nxg5 11. fxg5 0-0 12. h4 f5 13. Be3 Nc6 14. a3 Rc8 15. Nd2 cxd4 16. cxd4 Na5 17. h5 gxh5 18. Rxh5 Qe8 19. Rh4 Qa4 20. b3 Qc6 21. Ke2 Qg6 22. Rah1 f4 23. Bxf4 Rc2 24. Rxh7 Rxd2+ 25. Bxd2 Rf2+ 26. Ke3 Qf7 27. Rxg7+ Kxg7 28. Rh7+ 1-0

[Event "HUN-chT2 Barcza 0809"]
[Site "Hungary"]
[Date "2008.11.30"]
[Round "3.1"]
[White "Korpas, Zoltan"]
[Black "Menyhart, Tibor"]
[Result "1-0"]
[WhiteElo "2144"]
[BlackElo "2192"]
[PlyCount "53"]
[EventDate "2008.10.26"]
[EventType "team-tourn"]
[EventRounds "11"]
[EventCountry "HUN"]
[SourceTitle "EXT 2010"]
[Source "ChessBase"]
[SourceDate "2010.11.25"]
[SourceVersion "1"]
[SourceVersionDate "2010.11.25"]
[SourceQuality "1"]
[WhiteTeam "Tiszavasvar"]
[BlackTeam "Debrecen Betu"]
[WhiteTeamCountry "HUN"]
[BlackTeamCountry "HUN"]

1. Nf3 Nf6 2. d4 d5 3. Nbd2 Bf5 4. e3 e6 5. a3 c5 6. c4 cxd4 7. Nxd4 Bg6 8. cxd5 Nxd5 9. Qb3 Nd7 10. Qxb7 Rb8 11. Qxa7 Bc5 12. Qa4 Ra8 13. Qc4 Rc8 14. N2b3 Bb4+ 15. axb4 Rxc4 16. Bxc4 Nxb4 17. Bd2 Bd3 18. Bxb4 Bxc4 19. Na5 Qa8 20. Kd2 Bd5 21. Nac6 Qc8 22. Rhc1 Nb6 23. Ra7 Bxc6 24. Re7+ Kf8 25. Rxc6 Nc4+ 26. Ke2 Qxc6 27. Nxc6 1-0

[Event "HUN-chT2 Barcza 0708"]
[Site "Hungary"]
[Date "2008.03.02"]
[Round "7"]
[White "Korpas, Zoltan"]
[Black "Menyhart, Tibor"]
[Result "0-1"]
[WhiteElo "2135"]
[BlackElo "2168"]
[PlyCount "50"]
[EventDate "2007.10.14"]
[EventType "team"]
[EventRounds "11"]
[EventCountry "HUN"]
[SourceTitle "EXT 2009"]
[Source "ChessBase"]
[SourceDate "2008.11.26"]
[SourceVersion "1"]
[SourceVersionDate "2008.11.26"]
[SourceQuality "1"]
[WhiteTeam "Tiszavasvar"]
[BlackTeam "Debrecen Betu"]
[WhiteTeamCountry "HUN"]
[BlackTeamCountry "HUN"]

1. Nf3 Nf6 2. d4 d5 3. Bf4 c5 4. e3 Qb6 5. Qc1 Nc6 6. c3 Bf5 7. Nh4 Be4 8. f3 Bxb1 9. Qxb1 e6 10. g4 Be7 11. Bg3 cxd4 12. exd4 g5 13. Ng2 h5 14. Ne3 e5 15. Nf5 exd4 16. Nxe7 Nxe7 17. cxd4 Qb4+ 18. Kd1 hxg4 19. Be5 Rh6 20. Rg1 gxf3 21. Bd3 f2 22. Rxg5 Ne4 23. Bf4 Qe1+ 24. Kc2 Rc8+ 25. Kb3 Rb6+ 0-1

[Event "HUN-chT2 Barcza 0708"]
[Site "Hungary"]
[Date "2007.12.09"]
[Round "4"]
[White "Menyhart, Tibor"]
[Black "Csolto, Robert"]
[Result "1/2-1/2"]
[WhiteElo "2168"]
[BlackElo "2318"]
[PlyCount "52"]
[EventDate "2007.10.14"]
[EventType "team"]
[EventRounds "11"]
[EventCountry "HUN"]
[SourceTitle "EXT 2009"]
[Source "ChessBase"]
[SourceDate "2008.11.26"]
[SourceVersion "1"]
[SourceVersionDate "2008.11.26"]
[SourceQuality "1"]
[WhiteTeam "Debrecen Betu"]
[BlackTeam "Kazincbarcika II"]
[WhiteTeamCountry "HUN"]
[BlackTeamCountry "HUN"]

1. d4 Nf6 2. c4 d6 3. Nc3 g6 4. e4 Bg7 5. f4 0-0 6. Nf3 c5 7. d5 e6 8. Be2 exd5 9. cxd5 Re8 10. e5 dxe5 11. fxe5 Ng4 12. Bg5 Qb6 13. 0-0 Nd7 14. Na4 Qa5 15. e6 fxe6 16. dxe6 Nde5 17. Nxe5 Nxe5 18. e7 c4 19. Qd8 Qb5 20. Nc3 Qc5+ 21. Kh1 Bf5 22. Qd5+ Qxd5 23. Nxd5 Rac8 24. Nf6+ Bxf6 25. Bxf6 Ng4 26. Bxg4 Bxg4 1/2-1/2